00337nam a2200133Ia 4500008004100000041000800041082001200049100001600061245004000077250001400117260002800131300003300159365001100192240624s9999 xx 000 0 und d aeng a657 SHA aSHAH PARESH aFINANCIAL ACCOUNTING FOR MANAGEMENT a(2nd ed.) c2012aNew DelhibOxford axviii, : 561 : p. : cm. ; 26 cRSb31